000 00931nam a2200325 a 4500
003 AR-BaBNM
005 20251128203819.0
008 082120s2002 ||||||||||||||000 | spa||
020 _a950-02-5787-4
040 _cAR-BaBNM
100 1 _aAndina, María Amalia
245 0 0 _aAprendizaje de las ciencias sociales
250 _a3ª ed.
260 _aBuenos Aires
_bEl Ateneo
_c1992
300 _a170 p.
_bmapas, gráfs., fot., tablas
650 4 _aENSEÑANZA DE LAS CIENCIAS SOCIALES
650 4 _aMATERIAL Y EQUIPO DIDACTICOS
650 4 _aFORMACION DE DOCENTES
650 4 _aCURRICULO DE ENSEÑANZA PRIMARIA
650 4 _aMETODOS DE ENSEÑANZA
650 4 _aPROGRAMAS DE ESTUDIOS
650 4 _aEDUCACION CIVICA
650 4 _aESTUDIOS SOCIALES
650 4 _aENSEÑANZA AUDIOVISUAL
651 4 _aArgentina
653 0 _aSISTEMA EDUCATIVO
700 1 _aSanta María, Gerardo
942 _cBK
998 _cHector
999 _c5015
_d5015